| 000 | 00388nam a2200157Ia 4500 | ||
|---|---|---|---|
| 008 | 230917s9999||||xx |||||||||||||| ||und|| | ||
| 040 |
_e81388 _aMAIN |
||
| 041 | _aEnglish | ||
| 082 | _a346.015 A38C | ||
| 100 | _aAggarwal, S N | ||
| 245 | 0 | _aCommentary on the law of maintenance | |
| 250 | _a2nd ed. | ||
| 260 |
_aNew Delhi _bOrient Law _c1990 |
||
| 300 | _alxxx, 592 p. | ||
| 942 | _cBK | ||
| 999 |
_c67702 _d67702 |
||